Aku,Dia dan Rezeki 2

Bibliographic Details
Main Author: Mohamad Feroz Mohammad Zaini
Format: Book
Published: Selangor : Kaseh Aries Pub Sdn Bhd , 2019
Subjects:

MARC

LEADER 00000cam a2200000 7i4500
001 0000084178
005 20200817.0
008 191105
020 |a 9789670893501 
041 0 |a Malay 
090 0 0 |a MOH   |b MAL 
100 1 |a Mohamad Feroz Mohammad Zaini 
245 0 0 |a Aku,Dia dan Rezeki 2   |c Mohamad Feroz Mohammad Zaini 
260 |a Selangor :   |b Kaseh Aries Pub Sdn Bhd ,   |c 2019 
300 |a 200 p. :   |b 18.5 cm 
541 0 0 |c Purchased on 2019 
541 0 0 |c Purchased on 2019   |f 2019/102 SPI   |h RM25.00 
650 0 |a Malay fiction 
999 |a 0001594136   |b Book   |c Adult Collection   |e Cawangan Segamat 
999 |a 0001594137   |b Book   |c Adult Collection   |e Cawangan Tangkak 
999 |a 0001594138   |b Book   |c Adult Collection   |e Cawangan Bukit Gambir 
999 |a 0001594139   |b Book   |c Adult Collection   |e Cawangan Kota Tinggi 
999 |a 0001594140   |b Book   |c Adult Collection   |e Cawangan Batu Pahat 
999 |a 0001594141   |b Book   |c Adult Collection   |e Cawangan Taman Universiti 
999 |a 0001594142   |b Book   |c Adult Collection   |e Cawangan Pontian 
999 |a 0001594144   |b Book   |c Adult Collection   |e Cawangan Taman Sri Lambak 
999 |a 0001594145   |b Book   |c Adult Collection   |e Cawangan Tmn. Ungku Tun Aminah 
999 |a 0001594146   |b Book   |c Adult Collection   |e Cawangan Mersing 
999 |a 0001594147   |b Book   |c Adult Collection   |e Cawangan Bandar Penawar 
999 |a 0001594148   |b Book   |c Adult Collection   |e Cawangan Muar 
999 |a 0001594149   |b Book   |c Adult Collection   |e Cawangan Bandar Tenggara 
999 |a 0001595725   |b Book   |c Adult Collection   |e Perbadanan Perpustakaan Awam Johor 
999 |a 0001595726   |b Book   |c Adult Collection   |e Cawangan Urban Transformation Centre